| 000 | 00522nam a22001577a 4500 | ||
|---|---|---|---|
| 003 | NUST | ||
| 082 | _a200 | ||
| 100 |
_aImam, Mishal _9106521 |
||
| 245 |
_aRegulation of Depth of Hypnosis through Optimized AI based Conditioned Super Twisting SMC/ _cMishal Imam |
||
| 264 |
_aIslamabad : _bSEECS, NUST, _c2022. |
||
| 300 | _a71 p. ; | ||
| 650 |
_aMS-Electrical Engineering _923567 |
||
| 700 |
_aSupervisor: Dr. Iftikhar Ahmed _9126412 |
||
| 856 | _uhttp://10.250.8.41:8080/xmlui/handle/123456789/31998 | ||
| 942 |
_2ddc _cSC |
||
| 999 |
_c592877 _d592877 |
||